| 000 | 00451nam a2200205Ia 4500 | ||
|---|---|---|---|
| 001 | 13520 | ||
| 003 | GE_BSU | ||
| 008 | 181216s||||||||xx |||||||||||||| ||und|| | ||
| 020 | _a0552125393 | ||
| 040 | _cGE_BSU | ||
| 080 | _a821.111-31 | ||
| 100 | _aStacy,Pat; Linet,Beverly. | ||
| 245 | _aDuke Alove Story. | ||
| 260 | _aLondon. | ||
| 260 | _bCorgi Book. | ||
| 260 | _c1983 | ||
| 300 | _a234p;18cm. | ||
| 653 | _aDuke Alove Story. | ||
| 942 | _cBK | ||
| 999 |
_c46679 _d46679 |
||